000 02768nab a2200277 i 4500
003 BR-BrBNA
005 20250528125309.0
008 250528b2018 bl.qr|pooa||| 00| 0 por |
040 _aBR-BrBNA
_bpor
072 _aF70
100 _aCosta, Jachson Luis Corrêa da
100 _aSecco, Ricardo de S.
100 _aGurgel, Ely Simone Cajueiro
245 _aFlora das cangas da serra dos Carajás, Pará, Brasil: Euphorbiaceae
500 _aPublicação on-line; 20 ref.; 6 illus.; Summaries (En, Pt)
520 _a Resumo Um tratamento para as espécies de Euphorbiaceae ocorrentes nas cangas da Serra dos Carajás, Pará, Brasil, é apresentado. O estudo foi baseado em análise das exsicatas depositadas nos herbários regionais e nacionais, bem como em observações feitas em campo. Foram registradas onze espécies e uma subespécie, incluídas nos seguintes gêneros: Croton (quatro espécies), Manihot (duas espécies, uma subspécie), Mabea (uma espécie), Sapium (uma espécie), Alchornea (uma espécie), Aparisthmium (uma espécie), e Astraea (uma espécie). Uma provável espécie nova e três novas ocorrências são registradas para Carajás. São fornecidas chaves de identificação, descrições morfológicas, ilustrações, comentários, dados de distribuição geográfica e hábitats preferenciais dos táxons. Palavras-chave: Amazônia, Croton, Manihot, Sapium, vegetação rupestre. Abstract The taxonomic treatment of the species of Euphorbiaceae from the iron-stone outcrops of the Serra dos Carajás, Pará, Brasil, is presented. The study was based on analysis of herbarium specimens deposited in regional and national herbaria, as well as field observations. Eleven species and one subspecies were found, belonging to the following genera: Croton (four species), Manihot (two species, one subspecies), Mabea (one species), Sapium (one species), Alchornea (one species), Aparisthmium (one species), and Astraea (one species). One probable new species and four new occurrences are recorded for Carajás. Generic and species keys, morphological descriptions, illustrations, comments, geographical distribution and habitat preferences are provided for all taxa. Key words: Amazon, Croton, Manihot, Sapium, rupestrial vegetation.
650 _aAMAZÔNIA
650 _aCRÓTON
650 _aMANIHOT ESCULENTA
650 _aSAPIUM
650 _aVEGETAÇÃO
773 0 _0709
_9350699
_dRio de Janeiro-RJ Jardim Botanico do Rio de Janeiro 1935
_o2025-3324
_tRodriguésia (Brazil)
_x0370-6583; 2175-7860 on-line
_gv. 69(1) p. 059-075; (2018)
_wBR2025001279
856 _uhttps://www.scielo.br/j/rod/a/rQDDgsh6fCjrBngPsSRP3vB/?format=pdf&lang=pt
942 _cANA
999 _c331764
_d331764